000 01436cam a2200229 4500500
005 20260201092921.0
041 _afre
042 _adc
100 1 0 _aVilbrod, Alain
_eauthor
245 0 0 _aDonner du sens, imprimer une direction : l'ère des pionniers de la protection de l'enfance
260 _c2008.
500 _a52
520 _aRésuméAu fil des années 1940-1950, des pionniers et des pionnières sont parvenus à faire largement évoluer la vision que l’on pouvait avoir des enfants dits de « justice ». Sans mythifier outre mesure ce que fut leur action, il est intéressant de relever les vecteurs de leurs initiatives. Le « souci éducatif » qui était le leur est à l’origine de l’Ordonnance de 1945, venue amender un modèle pénal qui croyait fort peu aux capacités de relèvement des jeunes délinquants. Il n’est pas inutile aujourd’hui d’aller puiser quelques idées dans les ressorts de leur dynamisme en ces temps où l’enfermement et la punition sont étrangement remis à l’ordre du jour et appellent de nouveaux combats.
690 _aéducateur-éducatrice
690 _ahistoire sociale
690 _ajustice
690 _apionnier-pionnière
690 _aprotection de l'enfance
690 _aservice social
786 0 _nEmpan | 68 | 4 | 2008-02-04 | p. 15-21 | 1152-3336
856 4 1 _uhttps://shs.cairn.info/revue-empan-2007-4-page-15?lang=fr&redirect-ssocas=7080
999 _c1640687
_d1640687